Statystyki dla NAJBARDZIEJ BRUTALNE SPORTY

Kliknij tutaj aby rozwiązać quiz!

Ogólne statystyki

  • Ten quiz został rozwiązany 219 razy
  • Średni wynik to 3 z 5

Statystyki odpowiedzi

Odpowiedź% Poprawnych
BOKS
94%
MMA
79%
RUGBY
47%
HOKEJ
28%
FUTBOL AMERYKAŃSKI
27%

Rozkład punktacji

Percentyl według liczby udzielonych odpowiedzi

Procent ludzi z każdym wynikiem

Twoja historia wyników

Nie rozwiązałeś tego quizu